|
|
|
|
| LEADER |
00000nab a2200000 r4500 |
| 001 |
vtls011859823 |
| 003 |
SK-MaSNL |
| 005 |
20260304173025.0 |
| 008 |
190404c20190226xo wr|p|||||||000 b|slo |
| 015 |
|
|
|a SNBRB2019/04
|
| 038 |
|
|
|a PPPK
|
| 040 |
|
|
|a PPPKCL
|b slo
|e rda
|
| 041 |
0 |
|
|a slo
|
| 043 |
|
|
|a e-xo---
|
| 044 |
|
|
|a xo
|c SK
|
| 072 |
|
7 |
|a 005
|x Manažment. Riadenie
|2 konspekt
|
| 080 |
|
|
|a 929-058.1
|2 2011
|
| 080 |
|
|
|a 005.742-057.162-055.2
|2 2011
|
| 080 |
|
|
|a 663.97
|2 2011
|
| 100 |
1 |
|
|a Tomalová, Jana
|4 aut
|9 1086271
|
| 245 |
1 |
0 |
|a Sviťanka pracuje pre tabakovú firmu, ľudí však odúča fajčiť bežné cigarety. Môže sa stať Slovenkou roka
|c Jana Tomalová
|
| 300 |
|
|
|b Fotografie
|
| 336 |
|
|
|a text
|b txt
|2 rdacontent
|
| 337 |
|
|
|a bez média
|b n
|2 rdamedia
|
| 338 |
|
|
|a zväzok
|b nc
|2 rdacarrier
|
| 600 |
1 |
7 |
|a Gontkovičová, Andrea
|2 pppkcl
|9 463785
|
| 650 |
0 |
7 |
|a Slovenka roka (anketa)
|2 pppkcl
|9 1503027
|
| 650 |
0 |
7 |
|a osobnosti
|2 pppkcl
|9 29820
|
| 650 |
0 |
7 |
|a manažment
|2 pppkcl
|9 922
|
| 650 |
0 |
7 |
|a manažérky
|2 pppkcl
|9 84340
|
| 650 |
0 |
7 |
|a tabakový priemysel
|2 pppkcl
|9 4251
|
| 651 |
|
7 |
|a Svit (Slovensko)
|2 pppkcl
|9 29648
|
| 651 |
|
7 |
|a Poprad (Slovensko : okres)
|2 pppkcl
|9 28675
|
| 773 |
0 |
|
|t Podtatranské noviny
|g Roč. LX, č. 9 (26.2.2019), s. 8
|x 1210-2423
|
| 852 |
|
|
|a PPPK
|b KIS3GCP
|
| 999 |
|
|
|c 3001221
|d 3003151
|